000 01228cam a22003737a 4500
003 CHAP
005 20220817042126.0
008 971013s1974 r 00010 d
010 _a35480
011 _a36452
035 _a40571
040 _cCHAP
090 _aFolleto 6482
110 2 _aFAO
245 1 3 _aEl almacenamiento hermético de los cereales
_b: ( con especial referencia a los climas cálidos y a los países en desarrollo)
_c/por FAO
260 _aRoma :
_bFAO,
_c1974.
300 _a74 p.
_b: ilus. ; gráfs.
410 _aFAO
490 0 _aFAO. Servicios agrícolas
_v; 17
590 _aBATCH-UPD
_b10
_c20130110
_lUCH01
_h0007
590 _aBATCH-UPD
_b10
_c20130110
_lUCH01
_h1123
590 _aBATCH-UPD
_b10
_c20130410
_lUCH01
_h0713
590 _aBATCH-UPD
_b10
_c20130914
_lUCH01
_h0913
590 _aCONVERSION
_b10
_c20130109
_lUCH01
_h1320
650 1 4 _aCereales
_xAlmacenamiento.
_921373
650 1 4 _aSilos.
_9105965
700 0 _aHyde, Mary B.
_957067
810 0 _aFAO
830 0 0 _aFAO. Servicios agrícolas
_v; 17
_939697
901 _aBK
942 _cFOLL
949 _aFolleto 6482
_bBC
_cFAO
_d-92746
_eFAO1
_i40571
_mD
_si
949 _aFolleto 6482
_bBC
_cFAO
_d40571
_eFAO2
_fc.2
_gDonaciØn
_i40571
_sb
999 _c35480
_d35480